[Event "5MCRV_F"]
[Site "?"]
[Date "2005.??.??"]
[Round "?"]
[White "Splichal, Josef"]
[Black "Trs, Jan"]
[Result "1-0"]
[WhiteElo "2261"]
[BlackElo "2252"]
[PlyCount "103"]
[EventDate "2005.??.??"]
[EventType "corr"]
[SourceDate "2005.09.30"]

1. e4 c5 2. b3 d6 3. Nc3 Nc6 4. Nf3 Nf6 5. Bb2 e5 6. Bc4 Be7 7. O-O O-O 8. d3
Rb8 9. a4 a6 10. h3 Qc7 11. Bc1 Bd8 12. Bd2 Be6 13. Ng5 Qe7 14. Nd5 Bxd5 15.
exd5 Nb4 16. Bxb4 cxb4 17. a5 Qc7 18. d4 Nd7 19. Ne6 fxe6 20. dxe6 d5 21. Bxd5
Nf6 22. e7+ Nxd5 23. exf8=R+ Kxf8 24. dxe5 Qxe5 25. Re1 Qd6 26. Qf3+ Nf6 27.
Rad1 Qc7 28. Re6 Rc8 29. Qf5 Kg8 30. g4 g6 31. Qf3 Kg7 32. Rxd8 Qxd8 33. Rxf6
Rc7 34. Rb6 Qe7 35. Kg2 Rd7 36. Qe3 Qd8 37. Rxb4 Qc7 38. Rb6 Kg8 39. c4 Rf7 40.
Re6 Rf8 41. Re7 Qd6 42. Qe4 Qf6 43. f3 Qb2+ 44. Kg3 Qa1 45. Qe6+ Kh8 46. Qe3
Kg8 47. Rxb7 Qf6 48. Rb6 Qg7 49. Rxa6 Qb7 50. Rd6 Qf7 51. Qe6 Rb8 52. a6 1-0

[Event "5MCRV_F"]
[Site "?"]
[Date "2005.??.??"]
[Round "?"]
[White "Trs, Jan"]
[Black "Pecka, Josef"]
[Result "0-1"]
[WhiteElo "2252"]
[BlackElo "2303"]
[PlyCount "112"]
[EventDate "2005.??.??"]
[EventType "corr"]
[SourceDate "2005.09.30"]

1. d4 d5 2. c4 dxc4 3. Nf3 Nf6 4. e3 Bg4 5. Bxc4 e6 6. Qb3 Bxf3 7. gxf3 Nbd7 8.
Qxb7 c5 9. Nc3 cxd4 10. exd4 Bd6 11. Rg1 O-O 12. Bd3 Bxh2 13. Rg2 Qc7 14. Qxc7
Bxc7 15. Bh6 Nh5 16. Ne2 Ndf6 17. Rc1 Rfc8 18. Bd2 Nd5 19. Bc4 Nhf6 20. f4 Rab8
21. b3 g6 22. f5 exf5 23. Bh6 f4 24. f3 Ne3 25. Rg1 Nf5 26. Bg5 Nh5 27. Kf2 Bb6
28. Rcd1 Rb7 29. Rd2 Rxc4 30. bxc4 f6 31. c5 Ba5 32. Rc2 fxg5 33. Rxg5 Nhg3 34.
Nxf4 Rb1 35. c6 Nh1+ 36. Kg2 Ne3+ 37. Kh3 Bc7 38. Rc3 Nf2+ 39. Kg3 Nfd1 40.
Rcc5 Rb2 41. Rge5 Nf5+ 42. Rxf5 gxf5 43. Rxf5 Ne3 44. Re5 Bxe5 45. dxe5 Rxa2
46. Ne6 Rc2 47. Kf4 Rxc6 48. Nd8 Ng2+ 49. Kg3 Rg6+ 50. Kf2 a5 51. e6 Nf4 52.
Ke3 Rxe6+ 53. Kxf4 Rb6 54. Ke5 a4 55. Ne6 Rxe6+ 56. Kxe6 a3 0-1

[Event "5MCRV_F"]
[Site "?"]
[Date "2005.??.??"]
[Round "?"]
[White "Trs, Jan"]
[Black "Sykora, Josef"]
[Result "1/2-1/2"]
[WhiteElo "2252"]
[BlackElo "2397"]
[PlyCount "82"]
[EventDate "2005.??.??"]
[EventType "corr"]
[SourceDate "2005.09.30"]

1. d4 d5 2. c4 c6 3. cxd5 cxd5 4. Nf3 Nf6 5. Nc3 Nc6 6. Bf4 a6 7. Rc1 Bf5 8. e3
Rc8 9. Be2 e6 10. O-O Bd6 11. Bxd6 Qxd6 12. Na4 O-O 13. Nc5 Rc7 14. a3 Bg4 15.
b4 Ra8 16. Nd2 Bxe2 17. Qxe2 Rac8 18. b5 b6 19. bxc6 bxc5 20. Rxc5 Rxc6 21.
Qxa6 Qxc5 22. Qxc8+ Rxc8 23. dxc5 Rxc5 24. Ra1 Kf8 25. a4 Ra5 26. Nb3 Ra7 27.
a5 Ke7 28. f3 Kd6 29. Kf2 h6 30. Ke2 Nd7 31. e4 e5 32. exd5 Kxd5 33. g3 f5 34.
h3 Kc4 35. Nd2+ Kb5 36. Rb1+ Ka6 37. Rc1 Kb5 38. Nc4 Ra6 39. Kd3 Re6 40. Rb1+
Ka6 41. g4 fxg4 1/2-1/2

[Event "5MCRV_F"]
[Site "?"]
[Date "2005.??.??"]
[Round "?"]
[White "Trs, Jan"]
[Black "Nosek, Jaroslav"]
[Result "1/2-1/2"]
[WhiteElo "2252"]
[BlackElo "2259"]
[PlyCount "54"]
[EventDate "2005.??.??"]
[EventType "corr"]
[SourceDate "2005.09.30"]

1. d4 Nf6 2. c4 e6 3. Nc3 Bb4 4. Qc2 O-O 5. a3 Bxc3+ 6. Qxc3 b6 7. Bg5 Bb7 8.
f3 h6 9. Bh4 d5 10. e3 Nbd7 11. cxd5 Nxd5 12. Bxd8 Nxc3 13. Bh4 Nd5 14. Bf2 c5
15. Bb5 Rfd8 16. e4 Nf4 17. Ne2 a6 18. Bc4 Ng6 19. Rd1 cxd4 20. Nxd4 Nde5 21.
Bf1 Rd7 22. Be3 Rad8 23. Be2 Nc4 24. Bxc4 e5 25. Bf2 exd4 26. Bg3 Kf8 27. Kd2
b5 1/2-1/2

[Event "5MCRV_F"]
[Site "?"]
[Date "2005.??.??"]
[Round "?"]
[White "Hladecek, Miloslav"]
[Black "Nejtek, Jiri"]
[Result "0-1"]
[WhiteElo "2281"]
[BlackElo "2370"]
[PlyCount "116"]
[EventDate "2005.??.??"]
[EventType "corr"]
[SourceDate "2005.09.30"]

1. e4 c5 2. Nf3 d6 3. d4 cxd4 4. Nxd4 Nf6 5. Nc3 a6 6. Be2 e5 7. Nb3 Be7 8. O-O
O-O 9. Qd3 Be6 10. Nd5 Bxd5 11. exd5 Nbd7 12. c4 a5 13. Be3 a4 14. Nd2 Qa5 15.
Rfd1 Bd8 16. Qa3 Re8 17. g4 h6 18. h4 Nc5 19. g5 hxg5 20. hxg5 Nh7 21. g6 fxg6
22. Kg2 e4 23. Bf4 e3 24. Bxe3 Bg5 25. Nf1 Bxe3 26. Nxe3 Qd8 27. Rd4 Qf6 28.
Rg4 Ne4 29. Rf1 Nhg5 30. f4 Nf7 31. Kg1 Nh6 32. Rg2 Re7 33. Qd3 Nc5 34. Qd2 Re4
35. Ng4 Nxg4 36. Rxg4 Rae8 37. Rg2 Re3 38. Rff2 Rh3 39. Rf3 Rh6 40. Qc3 Qh4 41.
Kf1 Ne4 42. Qd3 g5 43. fxg5 Nxg5 44. Rff2 Nh3 45. Rh2 Nxf2 46. Rxh4 Nxd3 47.
Rxh6 Rf8+ 48. Kg1 gxh6 49. Bxd3 Rf4 50. Bf1 Rxf1+ 51. Kxf1 Kf7 52. Ke2 Kf6 53.
b3 axb3 54. axb3 h5 55. Kf3 Ke5 56. Ke3 b5 57. cxb5 Kxd5 58. Kf4 Kc5 0-1

[Event "5MCRV_F"]
[Site "?"]
[Date "2005.??.??"]
[Round "?"]
[White "Trs, Jan"]
[Black "Kuta, Jiri"]
[Result "0-1"]
[WhiteElo "2252"]
[BlackElo "2310"]
[PlyCount "88"]
[EventDate "2005.??.??"]
[EventType "corr"]
[SourceDate "2005.09.30"]

1. c4 e5 2. Nc3 Nf6 3. Nf3 Nc6 4. g3 Bc5 5. Bg2 d6 6. O-O O-O 7. d3 h6 8. a3 a5
9. h3 Re8 10. Nd2 Be6 11. Kh2 d5 12. Qa4 Bf8 13. Re1 d4 14. Nce4 Nd7 15. g4 Ra6
16. Rg1 Kh8 17. Nf3 f5 18. gxf5 Bxf5 19. Nfd2 Qh4 20. Ng3 Nc5 21. Qc2 Bd7 22.
Nf3 Qd8 23. b3 Bd6 24. Nd2 e4 25. Ndxe4 Nxe4 26. dxe4 Ne5 27. Rf1 Qh4 28. c5
Rc6 29. Qd2 Rxc5 30. Qxd4 Rc2 31. Bb2 Bxh3 32. Kg1 Rf8 33. Rab1 Rxb2 34. Rxb2
Ng4 35. Nf5 Rxf5 36. exf5 Bxg2 37. Kxg2 Qh2+ 38. Kf3 Qh3+ 39. Ke4 Nf6+ 40. Qxf6
gxf6 41. Rbb1 Qg4+ 42. Kd3 Qxf5+ 43. Kd2 Bxa3 44. e3 Qb5 0-1

[Event "5MCRV_F"]
[Site "?"]
[Date "2005.??.??"]
[Round "?"]
[White "Nejtek, Jiri"]
[Black "Trs, Jan"]
[Result "1-0"]
[WhiteElo "2370"]
[BlackElo "2252"]
[PlyCount "109"]
[EventDate "2005.??.??"]
[EventType "corr"]
[SourceDate "2005.09.30"]

1. e4 c6 2. d4 d5 3. exd5 cxd5 4. c3 Nc6 5. Nf3 Nf6 6. Bf4 g6 7. Na3 Bg7 8. Bd3
O-O 9. h3 Nh5 10. Be3 Qd6 11. Qd2 a6 12. g4 Nf6 13. O-O-O b5 14. Bf4 Qd8 15.
Ne5 Qb6 16. Nxc6 Qxc6 17. Kb1 Bd7 18. f3 Qb6 19. Nc2 a5 20. Rde1 e6 21. h4 b4
22. cxb4 axb4 23. Qxb4 Qa7 24. a3 h5 25. Qd2 Ba4 26. Nb4 Qb6 27. Be5 Bb3 28.
Qf4 Rfc8 29. Rc1 Ne8 30. gxh5 Rxc1+ 31. Rxc1 Bc4 32. Bxc4 dxc4 33. hxg6 f6 34.
h5 Ra7 35. h6 fxe5 36. dxe5 Qc5 37. hxg7 Rxg7 38. Qe4 c3 39. Ka2 Qb5 40. Rxc3
Rc7 41. Nc6 Rb7 42. Rc2 Qb3+ 43. Kb1 Rd7 44. Qh4 Rd1+ 45. Rc1 Rxc1+ 46. Kxc1
Qe3+ 47. Kc2 Qe2+ 48. Kc3 Qe3+ 49. Kc4 Qe2+ 50. Kc5 Qe3+ 51. Kb5 Qd3+ 52. Kb6
Qd7 53. Qh7+ Qxh7 54. gxh7+ Kxh7 55. a4 1-0

[Event "5MCRV_F"]
[Site "?"]
[Date "2005.??.??"]
[Round "?"]
[White "Nejtek, Jiri"]
[Black "Pytlik, Lesek"]
[Result "1-0"]
[WhiteElo "2370"]
[BlackElo "2390"]
[PlyCount "79"]
[EventDate "2005.??.??"]
[EventType "corr"]
[SourceDate "2005.09.30"]

1. e4 e6 2. d4 d5 3. Nd2 c5 4. Ngf3 Nc6 5. exd5 exd5 6. Bb5 Bd6 7. dxc5 Bxc5 8.
O-O Nge7 9. Nb3 Bd6 10. Re1 O-O 11. Bg5 Bg4 12. Bh4 Qc7 13. Bg3 Rad8 14. Qd3
Bxg3 15. hxg3 Rd6 16. Bxc6 bxc6 17. Ne5 Bf5 18. Qc3 Rh6 19. Re2 f6 20. Nf3 Ng6
21. Nbd4 Bd7 22. Ne6 Bxe6 23. Rxe6 Ne5 24. Nxe5 fxe5 25. Qxe5 Qf7 26. Rxh6
Qxf2+ 27. Kh2 gxh6 28. Qe6+ Kg7 29. Qxc6 Rf5 30. Qd7+ Kf8 31. Qd6+ Kg8 32. Qe6+
Kg7 33. Qe7+ Kh8 34. Qe8+ Rf8 35. Qe5+ Qf6 36. Qxd5 Qxb2 37. Re1 Qf6 38. c4 Rd8
39. Qa5 h5 40. Rf1 1-0

[Event "5MCRV_F"]
[Site "?"]
[Date "2005.??.??"]
[Round "?"]
[White "Trs, Jan"]
[Black "Novak, Vratislav"]
[Result "0-1"]
[WhiteElo "2252"]
[BlackElo "2267"]
[PlyCount "108"]
[EventDate "2005.??.??"]
[EventType "corr"]
[SourceDate "2005.09.30"]

1. e4 e5 2. Nf3 d6 3. d4 exd4 4. Nxd4 Nf6 5. Nc3 Be7 6. Bf4 O-O 7. Qd2 Nc6 8.
O-O-O Nxd4 9. Qxd4 Be6 10. f3 a6 11. g4 b5 12. h4 c5 13. Qd2 b4 14. Nd5 Nxd5
15. exd5 Bd7 16. Re1 a5 17. Bc4 a4 18. g5 Bf5 19. h5 Rb8 20. Rh2 b3 21. cxb3
axb3 22. Bxb3 Rb4 23. Rg2 Re8 24. Rge2 Rd4 25. Qe3 Bd7 26. g6 fxg6 27. hxg6 h6
28. Kb1 Bf8 29. Qc1 Rxe2 30. Rxe2 Qf6 31. Be3 Bf5+ 32. Ka1 Rh4 33. f4 Qxg6 34.
Re1 Rh3 35. Ba4 Rh2 36. Bc6 Be7 37. Rg1 Qf7 38. Bd2 Bf6 39. Bc3 h5 40. a4 h4
41. a5 Rc2 42. Qe3 Bxc3 43. bxc3 h3 44. a6 h2 45. Rh1 Rg2 46. Bb5 g6 47. Bf1
Rc2 48. Bb5 Qc7 49. Ba4 Rg2 50. Qe8+ Kg7 51. Qe3 Bg4 52. f5 Bxf5 53. Qe1 Bd3
54. c4 Bxc4 0-1

[Event "5MCRV_F"]
[Site "?"]
[Date "2005.??.??"]
[Round "?"]
[White "Bures, Jilji"]
[Black "Hladecek, Miloslav"]
[Result "1/2-1/2"]
[WhiteElo "2349"]
[BlackElo "2281"]
[PlyCount "112"]
[EventDate "2005.??.??"]
[EventType "corr"]
[SourceDate "2005.09.30"]

1. e4 e6 2. d4 d5 3. Nc3 Nf6 4. Bg5 dxe4 5. Nxe4 Nbd7 6. Nf3 Be7 7. Nxf6+ Bxf6
8. h4 a6 9. Qd2 b5 10. O-O-O Bb7 11. Qe3 h6 12. Bxf6 Nxf6 13. Ne5 Qd5 14. Kb1
O-O 15. Be2 Qd6 16. Rhg1 Nd5 17. Qd2 c5 18. g4 cxd4 19. Qxd4 f6 20. Ng6 Rf7 21.
Bf3 Qb6 22. Qxb6 Nxb6 23. Bxb7 Rxb7 24. Rd6 Nc4 25. Rd3 b4 26. g5 fxg5 27. hxg5
Kh7 28. Nf4 e5 29. g6+ Kg8 30. Rgd1 Re8 31. Rd8 Kf8 32. Ne6+ Ke7 33. Rxe8+ Kxe8
34. b3 Na3+ 35. Kb2 Ke7 36. Nxg7 Kf6 37. Ne8+ Kxg6 38. Rg1+ Kh5 39. Nf6+ Kh4
40. c3 h5 41. cxb4 Nb5 42. Kc2 Nd6 43. Rg6 Nf5 44. Nd5 Rb5 45. Nb6 Rxb4 46. Nc4
e4 47. Rxa6 Kg4 48. Ra8 h4 49. Rg8+ Kh5 50. Rh8+ Kg4 51. a4 h3 52. a5 Rb7 53.
Kc3 Re7 54. Nd2 e3 55. fxe3 Rxe3+ 56. Kc4 Re1 1/2-1/2

[Event "5MCRV_F"]
[Site "?"]
[Date "2005.??.??"]
[Round "?"]
[White "Novak, Vratislav"]
[Black "Kostal, Jindrich"]
[Result "1-0"]
[WhiteElo "2267"]
[BlackElo "2384"]
[PlyCount "127"]
[EventDate "2005.??.??"]
[EventType "corr"]
[SourceDate "2005.09.30"]

1. e4 e5 2. Nf3 Nc6 3. Bb5 a6 4. Ba4 Nf6 5. O-O Be7 6. Re1 b5 7. Bb3 d6 8. c3
O-O 9. h3 Nb8 10. d4 Nbd7 11. Nbd2 Bb7 12. Bc2 Re8 13. Nf1 Bf8 14. Ng3 g6 15.
a4 c5 16. d5 c4 17. Bg5 h6 18. Be3 Nc5 19. Qd2 Kh7 20. Nh2 Bg7 21. Rf1 Qc7 22.
f3 Nfd7 23. f4 exf4 24. Rxf4 Ne5 25. Ng4 Nxg4 26. Rxg4 Be5 27. Qf2 Rh8 28. Bd4
Rhf8 29. Nh5 Nd7 30. Rf1 Rab8 31. Ng3 Qd8 32. Nf5 Nf6 33. Nxh6 Kxh6 34. Qxf6
Qxf6 35. Rxf6 bxa4 36. Bxa4 a5 37. Bxe5 dxe5 38. Rg3 Kg7 39. Rgf3 Bc8 40. Rc6
Rxb2 41. Rxc4 Ba6 42. Rc7 Rb1+ 43. Kh2 Ra1 44. Bd7 Be2 45. Rf2 Bd3 46. Be6 Bxe4
47. Bxf7 Kh6 48. Re2 Bf5 49. Rxe5 Ra2 50. c4 Rd2 51. c5 Kg5 52. Re3 Rb8 53. Be6
Kf4 54. Rg3 Bxe6 55. dxe6 Re8 56. Rf3+ Ke5 57. Re3+ Kd4 58. Re1 Rb2 59. e7 Rbb8
60. c6 Kd5 61. Rd1+ Ke6 62. Rcd7 Rbc8 63. Re1+ Kf7 64. c7 1-0

[Event "5MCRV_F"]
[Site "?"]
[Date "2005.??.??"]
[Round "?"]
[White "Brousek, Jiri"]
[Black "Dedina, Miroslav"]
[Result "1-0"]
[WhiteElo "2319"]
[BlackElo "2308"]
[PlyCount "20"]
[EventDate "2005.??.??"]
[EventType "corr"]
[SourceDate "2005.09.30"]

1. d4 Nf6 2. Nf3 g6 3. Nc3 d5 4. Bf4 Bg7 5. e3 O-O 6. Be2 Bg4 7. Ne5 Bxe2 8.
Qxe2 c6 9. h4 b5 10. O-O-O Nbd7 1-0

[Event "5MCRV_F"]
[Site "?"]
[Date "2005.??.??"]
[Round "?"]
[White "Hladecek, Miloslav"]
[Black "Pytlik, Lesek"]
[Result "1/2-1/2"]
[WhiteElo "2281"]
[BlackElo "2390"]
[PlyCount "107"]
[EventDate "2005.??.??"]
[EventType "corr"]
[SourceDate "2005.09.30"]

1. e4 e5 2. Nf3 Nc6 3. Bc4 Nf6 4. Ng5 d5 5. exd5 Na5 6. Bb5+ c6 7. dxc6 bxc6 8.
Be2 h6 9. Nf3 e4 10. Ne5 Qc7 11. d4 exd3 12. Nxd3 Bd6 13. b3 O-O 14. Bb2 Re8
15. Bxf6 gxf6 16. Kf1 Bf5 17. Nd2 c5 18. Ne1 Be5 19. Rb1 Rad8 20. Bd3 Bg6 21.
h4 c4 22. Bxg6 fxg6 23. Qg4 Kh7 24. h5 g5 25. Nxc4 Nxc4 26. bxc4 Kh8 27. Rh3
Bd4 28. Qf5 Qxc4+ 29. Rd3 Re7 30. g4 Rf8 31. Rb5 Bb6 32. a3 Qe4 33. Qxe4 Rxe4
34. f3 Re6 35. Rd2 Rfe8 36. Nd3 Re3 37. Rf5 Kg7 38. a4 Kf7 39. a5 Bd4 40. c4
R8e6 41. Nf2 Bc3 42. Rd3 Rxd3 43. Nxd3 Re3 44. Rd5 Rxf3+ 45. Ke2 Rg3 46. Rd7+
Ke6 47. Nc5+ Ke5 48. a6 Rxg4 49. Rxa7 Kd6 50. Rh7 Kxc5 51. a7 Rg2+ 52. Kd3 Ra2
53. Kxc3 f5 54. Rc7+ 1/2-1/2

[Event "5MCRV_F"]
[Site "?"]
[Date "2005.??.??"]
[Round "?"]
[White "Trs, Jan"]
[Black "Kostal, Jindrich"]
[Result "1/2-1/2"]
[WhiteElo "2252"]
[BlackElo "2384"]
[PlyCount "112"]
[EventDate "2005.??.??"]
[EventType "corr"]
[SourceDate "2005.09.30"]

1. c4 Nf6 2. Nc3 g6 3. d4 d5 4. Nf3 Bg7 5. Qb3 dxc4 6. Qxc4 O-O 7. e4 Be6 8. d5
Bc8 9. Bf4 c6 10. Rd1 cxd5 11. exd5 Bg4 12. Be2 Nbd7 13. Qb5 Qb6 14. h3 Qxb5
15. Nxb5 Bf5 16. d6 e6 17. Ne5 Nb6 18. Nc4 Rfd8 19. b3 Be4 20. Nc7 Nxc4 21.
bxc4 Rab8 22. f3 Bc6 23. Kf2 b6 24. Rd2 Nh5 25. Bh2 Bh6 26. Rd4 Bg7 27. Rd3 g5
28. g3 Rbc8 29. Rc1 Be5 30. c5 bxc5 31. Rxc5 Bd5 32. Ra5 Nf6 33. Nb5 Ne8 34.
Re3 f6 35. Rxe5 fxe5 36. g4 a6 37. Rxa6 Rc2 38. Ke3 Rxe2+ 39. Kxe2 Bc4+ 40. Kf2
Bxb5 41. Ra5 Nxd6 42. Bxe5 Bc6 43. Bxd6 Rxd6 44. Rxg5+ Kf7 45. Rc5 Kf6 46. f4
Bd5 47. a3 Ra6 48. Rc3 Ra4 49. Kg3 e5 50. fxe5+ Kxe5 51. Kh4 Kf4 52. Rc7 Be4
53. Rf7+ Ke3 54. Kg5 Rxa3 55. h4 Ra1 56. h5 Rg1 1/2-1/2

[Event "5MCRV_F"]
[Site "?"]
[Date "2005.??.??"]
[Round "?"]
[White "Pecka, Josef"]
[Black "Kostal, Jindrich"]
[Result "0-1"]
[WhiteElo "2303"]
[BlackElo "2384"]
[PlyCount "110"]
[EventDate "2005.??.??"]
[EventType "corr"]
[SourceDate "2005.09.30"]

1. e4 e5 2. f4 exf4 3. Bc4 Nf6 4. Nc3 c6 5. Bb3 d5 6. exd5 cxd5 7. d4 Bb4 8.
Nf3 Bxc3+ 9. bxc3 Qc7 10. O-O O-O 11. Qe1 Nc6 12. Qh4 Ne7 13. Bxf4 Qxc3 14. Be5
Qe3+ 15. Kh1 Nf5 16. Qe1 Ng4 17. Bxd5 Qh6 18. c4 Nfe3 19. Rg1 Nxd5 20. cxd5 Bf5
21. Qg3 Rad8 22. Rge1 Rxd5 23. Bf4 Qa6 24. Kg1 Nf6 25. Be5 Nh5 26. Qf2 f6 27.
Bc7 g6 28. Re7 Ng7 29. Bf4 g5 30. Bc1 Bg6 31. Bb2 Rc8 32. Rd1 Nf5 33. Re4 Qxa2
34. Ra1 Qb3 35. Rxa7 Nd6 36. Re2 Qb6 37. Ra2 Rb5 38. h3 Ne4 39. Qe1 Bf7 40.
Rxe4 Bxa2 41. Re8+ Rxe8 42. Qxe8+ Kg7 43. Ba3 Bf7 44. Bf8+ Kg8 45. Qb8 Qe6 46.
Bh6+ Be8 47. Kh2 Kf7 48. Qc7+ Bd7 49. Qc2 Bc6 50. Qxh7+ Ke8 51. Qh8+ Kd7 52.
Qh7+ Kd8 53. Ne5 fxe5 54. Bxg5+ Kc8 55. Qh8+ Qe8 0-1

[Event "5MCRV_F"]
[Site "?"]
[Date "2005.??.??"]
[Round "?"]
[White "Dedina, Miroslav"]
[Black "Valak, Alois"]
[Result "1/2-1/2"]
[WhiteElo "2308"]
[BlackElo "2333"]
[PlyCount "100"]
[EventDate "2005.??.??"]
[EventType "corr"]
[SourceDate "2005.09.30"]

1. c4 e5 2. Nc3 Nf6 3. Nf3 Nc6 4. g3 d5 5. cxd5 Nxd5 6. Bg2 Nb6 7. O-O Be7 8.
a3 O-O 9. b4 Be6 10. Rb1 f6 11. d3 Nd4 12. Nxd4 exd4 13. Ne4 Bd5 14. Bb2 f5 15.
Nd2 Bf6 16. Bxd5+ Qxd5 17. Rc1 c6 18. Qb3 a5 19. Qxd5+ Nxd5 20. bxa5 Rxa5 21.
Rc2 Rb5 22. Nc4 Nc3 23. Nd6 Rd5 24. Bxc3 dxc3 25. Nc4 b5 26. Ne3 Rd7 27. Nd1
Ra8 28. Nxc3 Rxa3 29. Nb1 Ra6 30. Nd2 Kf7 31. Nb3 Rda7 32. e3 Ke7 33. d4 Ra3
34. Rb1 Kd6 35. Kg2 g6 36. Rbb2 Be7 37. h4 Kd5 38. Nc5 h6 39. Kf3 Bd6 40. Ke2
g5 41. h5 Rf7 42. Nd3 Rfa7 43. Nc5 Re7 44. Rb1 g4 45. Nd3 Ra4 46. Nc5 Ra5 47.
Nd3 Ra4 48. Nc5 Rc4 49. Rxc4 Kxc4 50. Ra1 Kd5 1/2-1/2

[Event "5MCRV_F"]
[Site "?"]
[Date "2005.??.??"]
[Round "?"]
[White "Hladecek, Miloslav"]
[Black "Valak, Alois"]
[Result "1-0"]
[WhiteElo "2281"]
[BlackElo "2333"]
[PlyCount "121"]
[EventDate "2005.??.??"]
[EventType "corr"]
[SourceDate "2005.09.30"]

1. e4 e6 2. d4 d5 3. Nd2 c5 4. Ngf3 Nf6 5. exd5 exd5 6. Bb5+ Bd7 7. Bxd7+ Nbxd7
8. O-O Be7 9. dxc5 Nxc5 10. Nb3 Nce4 11. Be3 O-O 12. Qd3 Qc7 13. Bd4 Bd6 14.
Rfe1 Rfe8 15. c3 a6 16. h3 Re6 17. Be3 Re7 18. Nbd4 Qd7 19. Re2 Rae8 20. Rd1 g6
21. Ree1 Kg7 22. a3 Nc5 23. Qb1 Kg8 24. Nc2 Nce4 25. Nb4 a5 26. Nd3 Nh5 27. Qc2
b5 28. Ra1 Rc8 29. Qd1 Rce8 30. a4 Bc7 31. Qb3 bxa4 32. Qxa4 Qd6 33. Red1 f5
34. h4 Qd8 35. Qc6 Re6 36. Qa4 R6e7 37. Qb3 Nhf6 38. Bd4 Qd6 39. Qa3 Qc6 40.
Qa2 Qc4 41. b3 Qc6 42. b4 Ra8 43. Re1 Ng4 44. Reb1 Qd6 45. Rc1 Qe6 46. b5 Rb8
47. Rab1 Rd7 48. Rc2 Rdd8 49. Nc5 Nxc5 50. Bxc5 Re8 51. Rcc1 Ne5 52. Nxe5 Bxe5
53. Re1 Qd7 54. Qxa5 Re6 55. b6 Rbe8 56. b7 Bb8 57. Rxe6 Qxe6 58. Be3 Kf7 59.
Rd1 f4 60. Ba7 Qd7 61. Rb1 1-0

[Event "5MCRV_F"]
[Site "?"]
[Date "2005.??.??"]
[Round "?"]
[White "Kuta, Jiri"]
[Black "Hladecek, Miloslav"]
[Result "1/2-1/2"]
[WhiteElo "2310"]
[BlackElo "2281"]
[PlyCount "117"]
[EventDate "2005.??.??"]
[EventType "corr"]
[SourceDate "2005.09.30"]

1. d4 d5 2. c4 e6 3. Nc3 Nf6 4. cxd5 exd5 5. Bg5 c6 6. e3 h6 7. Bh4 Bf5 8. Qf3
Bg6 9. Bxf6 Qxf6 10. Qxf6 gxf6 11. O-O-O Nd7 12. Bd3 Bxd3 13. Rxd3 f5 14. Nge2
Nf6 15. f3 h5 16. Ng3 f4 17. exf4 Kd7 18. Nf5 Ne8 19. Re1 Nd6 20. Ne3 Re8 21.
Kd1 Rh6 22. Re2 Rhe6 23. b3 Bg7 24. Nc2 Rxe2 25. Nxe2 Rh8 26. g3 a6 27. Ke1 b6
28. Kf2 a5 29. Nc3 Nf5 30. h3 Bf6 31. Ne2 Be7 32. g4 Bh4+ 33. Kg2 Re8 34. Nc1
Ng3 35. Re3 Rg8 36. Nd3 f6 37. Nc1 Nf5 38. Rd3 Nd6 39. Kf1 a4 40. bxa4 Ra8 41.
a5 Rxa5 42. Ra3 Rxa3 43. Nxa3 hxg4 44. hxg4 Ne8 45. Nc2 f5 46. g5 Ng7 47. Ne3
Ke6 48. Ng2 Bg3 49. Ne2 Nh5 50. Nxg3 Nxg3+ 51. Ke1 Nh5 52. Kd1 Ke7 53. Kd2 Kd6
54. Kd3 Ng7 55. a4 Ne8 56. Kc3 Kd7 57. Ne1 Kd6 58. Nd3 Nc7 59. g6 1/2-1/2

[Event "5MCRV_F"]
[Site "?"]
[Date "2005.??.??"]
[Round "?"]
[White "Kuta, Jiri"]
[Black "Kostal, Jindrich"]
[Result "1/2-1/2"]
[WhiteElo "2310"]
[BlackElo "2384"]
[PlyCount "123"]
[EventDate "2005.??.??"]
[EventType "corr"]
[SourceDate "2005.09.30"]

1. d4 Nf6 2. c4 g6 3. Nc3 d5 4. cxd5 Nxd5 5. e4 Nxc3 6. bxc3 Bg7 7. Nf3 c5 8.
Rb1 O-O 9. Be2 b6 10. O-O Bb7 11. Qd3 Qc7 12. Bg5 e5 13. d5 h6 14. Be3 f5 15.
Qc2 f4 16. Bc1 Nd7 17. a4 a6 18. Nd2 Rab8 19. Rd1 Bc8 20. Nc4 Kh8 21. Bd2 Kg8
22. Be1 Kh7 23. Rb2 Kh8 24. Qb1 h5 25. Rb3 Rf6 26. Rd2 Kh7 27. Rdb2 Qd8 28. Kh1
Kh8 29. Qd1 Qc7 30. Kg1 Kh7 31. Qb1 Qd8 32. Nd2 Ra8 33. Nf3 Rd6 34. h4 Kg8 35.
c4 Bf6 36. a5 Bxh4 37. axb6 Bb7 38. Nxh4 Qxh4 39. Rh3 Qe7 40. Bd1 Rb8 41. Bd2
Nf6 42. Be2 Bc8 43. Rhb3 Rd7 44. Ra2 Qd6 45. Bc3 Bb7 46. Ra5 Rf7 47. Qa1 Re8
48. f3 Nd7 49. Qb2 h4 50. Be1 Rc8 51. Bxh4 Rh7 52. Bf2 g5 53. Bd1 Kg7 54. Kf1
Rh1+ 55. Bg1 Kf7 56. Ra1 Rb8 57. Ra2 Rbh8 58. Ra1 Rb8 59. Ra2 Rbh8 60. Qf2 Rb8
61. Ke2 Bc8 62. g4 1/2-1/2

[Event "5MCRV_F"]
[Site "?"]
[Date "2005.??.??"]
[Round "?"]
[White "Pytlik, Lesek"]
[Black "Bures, Jilji"]
[Result "1/2-1/2"]
[WhiteElo "2390"]
[BlackElo "2349"]
[PlyCount "120"]
[EventDate "2005.??.??"]
[EventType "corr"]
[SourceDate "2005.09.30"]

1. e4 c5 2. Nf3 Nc6 3. Bb5 e6 4. O-O Nge7 5. c3 a6 6. Ba4 b5 7. Bc2 Bb7 8. d4
cxd4 9. Nxd4 d5 10. Nb3 Na5 11. Nxa5 Qxa5 12. Nd2 Qc7 13. Re1 Ng6 14. exd5 Bxd5
15. Ne4 Rd8 16. Qe2 Be7 17. a4 O-O 18. axb5 axb5 19. Ng5 b4 20. Qh5 Bxg5 21.
Bxg5 Ra8 22. Qh3 bxc3 23. bxc3 f5 24. Rac1 Ra3 25. Bd2 Qd6 26. Qe3 e5 27. f3
Be6 28. Rcd1 Qc7 29. Ra1 Rfa8 30. Rxa3 Rxa3 31. Bb1 Ra8 32. Rc1 f4 33. Qf2 Bc4
34. Be1 Ne7 35. Qh4 g6 36. Be4 Nd5 37. Rb1 Kg7 38. g4 Rd8 39. g5 Kg8 40. Kh1
Qd7 41. Rd1 Qe8 42. Qf2 Ne3 43. Rxd8 Qxd8 44. h4 Qd7 45. Qd2 Qh3+ 46. Qh2 Qf1+
47. Qg1 Qe2 48. Qf2 Qxf2 49. Bxf2 Kf7 50. Kg1 Ke6 51. h5 gxh5 52. g6 hxg6 53.
Bxg6 Nd1 54. Bxh5 Nxc3 55. Be1 Ne2+ 56. Kf2 Nd4 57. Ba5 Nc6 58. Bb6 Bd3 59. Be8
Nd4 60. Bc7 Bc2 1/2-1/2

[Event "5MCRV_F"]
[Site "?"]
[Date "2005.??.??"]
[Round "?"]
[White "Pytlik, Lesek"]
[Black "Trs, Jan"]
[Result "1-0"]
[WhiteElo "2390"]
[BlackElo "2252"]
[PlyCount "117"]
[EventDate "2005.??.??"]
[EventType "corr"]
[SourceDate "2005.09.30"]

1. e4 e5 2. Nf3 Nc6 3. Bb5 a6 4. Ba4 Nf6 5. O-O Nxe4 6. d4 b5 7. Bb3 d5 8. dxe5
Be6 9. Nbd2 Nc5 10. c3 Be7 11. Bc2 Bg4 12. Re1 Qd7 13. b4 Ne6 14. a4 O-O 15.
Nf1 d4 16. Qe2 g6 17. Rd1 Bxf3 18. Qxf3 Nxe5 19. Qe4 Nc4 20. axb5 Qxb5 21. Bd3
Nd6 22. Qxa8 Rxa8 23. Bxb5 Nxb5 24. cxd4 Bxb4 25. Be3 Nc3 26. Rd2 Nd5 27. Rda2
a5 28. Ng3 Re8 29. Rc2 f5 30. Ne2 c5 31. g3 Kf7 32. Kf1 h6 33. dxc5 Nxe3+ 34.
fxe3 Nxc5 35. Rac1 Re5 36. Nd4 Rd5 37. Rc4 Ne4 38. Rc7+ Kf6 39. R1c6+ Kg5 40.
Re6 Nc5 41. Nf3+ Kh5 42. Re5 Rxe5 43. Nxe5 a4 44. Rc6 Ne4 45. Nxg6 Bd6 46. Nf4+
Kg5 47. Ra6 a3 48. Ne6+ Kf6 49. Nd4 Kg5 50. Kg2 Bb4 51. Nf3+ Kh5 52. Ne5 Bd6
53. Nc4 Bb4 54. Nxa3 Nc5 55. Ra8 Ne4 56. Kf3 Bd6 57. g4+ Kg5 58. Nc4 Be7 59.
Rg8+ 1-0

[Event "5MCRV_F"]
[Site "?"]
[Date "2005.??.??"]
[Round "?"]
[White "Trs, Jan"]
[Black "Bures, Jilji"]
[Result "1/2-1/2"]
[WhiteElo "2252"]
[BlackElo "2349"]
[PlyCount "101"]
[EventDate "2005.??.??"]
[EventType "corr"]
[SourceDate "2005.09.30"]

1. d4 d5 2. c4 e6 3. Nc3 Nf6 4. Bg5 c6 5. e3 Nbd7 6. a3 Be7 7. Nf3 O-O 8. Bd3
dxc4 9. Bxc4 b5 10. Bd3 Bb7 11. O-O a6 12. b4 h6 13. Bh4 a5 14. Qb3 c5 15. Bxf6
gxf6 16. bxc5 Nxc5 17. dxc5 Qxd3 18. Rfd1 Qc4 19. Qxb5 Qxb5 20. Nxb5 Bxc5 21.
Rac1 Rfd8 22. Rxd8+ Rxd8 23. h3 Bb6 24. a4 Kf8 25. Kf1 Rd5 26. Ke2 Ba6 27. Rb1
Rc5 28. Nd2 Ke7 29. Kd1 f5 30. Nd4 Bc7 31. g3 Bc8 32. Rb5 Rc3 33. Rb2 Bd7 34.
Nb5 Rc6 35. Rc2 Bd8 36. Rc4 e5 37. Rh4 Kf8 38. Rc4 f6 39. Rxc6 Bxc6 40. Ke2 Kf7
41. Nc4 Ke6 42. Nc3 Bg2 43. h4 Bc6 44. Kd3 h5 45. Kd2 Bg2 46. Ke2 Bb7 47. Kd3
Bc7 48. Nb5 Be4+ 49. Ke2 Bd8 50. Nc3 Bc6 51. Kd2 1/2-1/2